| 000 | 00492nam a2200181Ia 4500 | ||
|---|---|---|---|
| 005 | 20250423100454.0 | ||
| 008 | 250422s9999 xx 000 0 und d | ||
| 020 | _a0826400477 | ||
| 050 | _aLB 880 .F74/ | ||
| 100 | _aFreire, Paulo | ||
| 245 | 0 | _aPedagogy of the oppressed | |
| 260 | _aNew York | ||
| 260 | _bContinuum | ||
| 260 | _c1988 | ||
| 300 | _a186 p | ||
| 650 | _aFreire, Paulo, 1921-1997 Education _ Philosophy Popular education _ Philosophy Critical pedagogy | ||
| 942 | _cBK | ||
| 999 |
_c33408 _d33408 |
||